[Event "Sao Jose dos Campos op"]
[Site "Sao Jose dos Campos"]
[Date "2023.05.28"]
[Round "5"]
[White "Lora, Miguel Said Brasil"]
[Black "Nagoya, Felipe Hideyoshi F"]
[Result "0-1"]
[WhiteElo "1606"]
[BlackElo "1837"]
[PlyCount "87"]
[EventDate "2023.05.26"]
[EventType "swiss"]
[EventRounds "5"]
[EventCountry "BRA"]
[SourceTitle "CBM 214 Extra"]
[Source "ChessBase"]
[SourceDate "2023.07.31"]
[SourceVersion "1"]
[SourceVersionDate "2023.07.31"]
[SourceQuality "1"]

1. e4 e5 2. Nf3 Nc6 3. Bc4 Bc5 4. c3 Nf6 5. d4 exd4 6. e5 d5 7. Bb5 Ne4 8. cxd4 Bb6 9. Qc2 Bd7 10. Be3 0-0 11. 0-0 Nxd4 12. Nxd4 Bxd4 13. Bd3 Bxe3 14. Bxe4 Bxf2+ 15. Rxf2 dxe4 16. Qxe4 Bc6 17. Qf4 Qe7 18. Nc3 Rad8 19. Ne4 Bxe4 20. Qxe4 c6 21. Raf1 Qe6 22. Rf4 Rd5 23. Rh4 g6 24. Qf4 Qxe5 25. Qxe5 Rxe5 26. Ra4 a6 27. Rb4 Re7 28. Rf3 Rd8 29. Rfb3 Rd2 30. Kf1 Ree2 31. Rxb7 Rxg2 32. R7b6 Rxh2 33. Kg1 Rhe2 34. Kf1 Rc2 35. Rxa6 Rh2 36. Kg1 Rhd2 37. Rf3 Rc1+ 38. Rf1 Rxf1+ 39. Kxf1 Rxb2 40. a4 Ra2 41. Ra8+ Kg7 42. a5 c5 43. Ke1 h5 44. Kd1 0-1

[Event "Sao Jose dos Campos op"]
[Site "Sao Jose dos Campos"]
[Date "2023.05.27"]
[Round "3"]
[White "Nagoya, Felipe Hideyoshi F"]
[Black "Pironti, Francisco Ferrari"]
[Result "0-1"]
[WhiteElo "1837"]
[BlackElo "1954"]
[PlyCount "114"]
[EventDate "2023.05.26"]
[EventType "swiss"]
[EventRounds "5"]
[EventCountry "BRA"]
[SourceTitle "CBM 214 Extra"]
[Source "ChessBase"]
[SourceDate "2023.07.31"]
[SourceVersion "1"]
[SourceVersionDate "2023.07.31"]
[SourceQuality "1"]

1. e4 c5 2. Nf3 d6 3. d4 cxd4 4. Nxd4 Nf6 5. Nc3 a6 6. f3 e5 7. Nb3 Be7 8. Be3 Be6 9. Qd2 h5 10. 0-0-0 Nbd7 11. Kb1 Rc8 12. Bd3 b5 13. h3 h4 14. f4 Qc7 15. f5 Bc4 16. Rhg1 b4 17. Nd5 Bxd5 18. exd5 Nxd5 19. Bxa6 Nxe3 20. Bxc8 Nxd1 21. Bxd7+ Qxd7 22. Rxd1 Qxf5 23. Qxb4 0-0 24. Qg4 Qxg4 25. hxg4 Rc8 26. Nd2 d5 27. Nf3 e4 28. Nd4 Bc5 29. c3 Kh7 30. Rh1 Bxd4 31. Rxh4+ Kg6 32. cxd4 e3 33. Rh1 Kg5 34. Re1 Kf4 35. b4 Ke4 36. a4 Rc4 37. Kb2 Rxb4+ 38. Ka3 Rxd4 39. a5 Rc4 40. Kb3 Rc8 41. a6 d4 42. a7 d3 43. Rc1 Rd8 44. Rc4+ Ke5 45. Rc5+ Ke6 46. Rc6+ Ke7 47. Rc7+ Kf8 48. Rd7 Re8 49. Rxd3 e2 50. Rh3 Kg8 51. a8Q e1Q 52. Qf3 Rb8+ 53. Kc4 Qe6+ 54. Kd4 Rb4+ 55. Kc5 Qb6+ 56. Kd5 Rd4+ 57. Ke5 Qd6+ 0-1

[Event "Rio de Janeiro op 2nd"]
[Site "Rio de Janeiro"]
[Date "2023.05.04"]
[Round "4"]
[White "Nagoya, Felipe Hideyoshi F"]
[Black "Bernardo, Henrique Carvalho"]
[Result "1-0"]
[WhiteElo "1837"]
[BlackElo "1465"]
[PlyCount "77"]
[EventDate "2023.05.02"]
[EventType "swiss"]
[EventRounds "9"]
[EventCountry "BRA"]
[SourceTitle "CBM 214 Extra"]
[Source "ChessBase"]
[SourceDate "2023.07.31"]
[SourceVersion "1"]
[SourceVersionDate "2023.07.31"]
[SourceQuality "1"]

1. e4 c5 2. Nf3 d6 3. d4 cxd4 4. Nxd4 Nf6 5. Nc3 a6 6. f3 e5 7. Nb3 Be6 8. Be3 Be7 9. Qd2 0-0 10. 0-0-0 Nbd7 11. g4 b5 12. g5 b4 13. Ne2 Ne8 14. f4 exf4 15. Bxf4 Ne5 16. Ned4 Bg4 17. Re1 a5 18. Rg1 Nf3 19. Nxf3 Bxf3 20. Nd4 Bh5 21. Nf5 f6 22. Nxe7+ Qxe7 23. Qd5+ Qf7 24. Qxa8 Qxa2 25. Qd5+ Qxd5 26. exd5 fxg5 27. Bxg5 Nc7 28. Bc4 Rf5 29. Re7 Nxd5 30. Bxd5+ Rxd5 31. Bf6 Kf8 32. Rgxg7 Bg6 33. Rc7 Rf5 34. Be7+ Ke8 35. Bxd6 Rf2 36. Bg3 Re2 37. Kd1 Bh5 38. Kc1 Bg6 39. Rc8# 1-0

[Event "Rio de Janeiro op 2nd"]
[Site "Rio de Janeiro"]
[Date "2023.05.03"]
[Round "2"]
[White "Nagoya, Felipe Hideyoshi F"]
[Black "Barberi, Catarina"]
[Result "1-0"]
[WhiteElo "1837"]
[BlackElo "1431"]
[PlyCount "95"]
[EventDate "2023.05.02"]
[EventType "swiss"]
[EventRounds "9"]
[EventCountry "BRA"]
[SourceTitle "CBM 214 Extra"]
[Source "ChessBase"]
[SourceDate "2023.07.31"]
[SourceVersion "1"]
[SourceVersionDate "2023.07.31"]
[SourceQuality "1"]

1. e4 c5 2. Nf3 e6 3. d4 cxd4 4. Nxd4 Nf6 5. Nc3 Nc6 6. Nxc6 bxc6 7. e5 Nd5 8. Ne4 Qc7 9. f4 Qb6 10. c4 Bb4+ 11. Ke2 f5 12. exf6 Nxf6 13. Be3 Qd8 14. Nd6+ Bxd6 15. Qxd6 Ba6 16. Kf3 Qe7 17. Qxe7+ Kxe7 18. Rd1 Rhd8 19. g4 Bb7 20. c5 Nd5 21. Bd4 Rf8 22. Be5 Rf7 23. Bd3 g6 24. Kg3 a5 25. h4 Ba6 26. Bxa6 Rxa6 27. h5 Ra8 28. hxg6 hxg6 29. Bd6+ Kf6 30. g5+ Kg7 31. Be5+ Nf6 32. Bxf6+ Rxf6 33. gxf6+ Kxf6 34. Rxd7 Rf8 35. Rhh7 e5 36. Rd6+ Kf5 37. fxe5 Kxe5 38. Rxg6 Kd5 39. Rh5+ Kc4 40. Rxc6 Rg8+ 41. Kf2 Rf8+ 42. Ke1 Re8+ 43. Kd2 Rg8 44. Re6 Rg2+ 45. Re2 Rg4 46. c6 Rd4+ 47. Kc2 Rd6 48. Re4+ 1-0

[Event "Rio de Janeiro op 2nd"]
[Site "Rio de Janeiro"]
[Date "2023.05.02"]
[Round "1"]
[White "Cubas, Jose Fernando"]
[Black "Nagoya, Felipe Hideyoshi F"]
[Result "1-0"]
[WhiteElo "2455"]
[BlackElo "1837"]
[PlyCount "53"]
[EventDate "2023.05.02"]
[EventType "swiss"]
[EventRounds "9"]
[EventCountry "BRA"]
[SourceTitle "CBM 214 Extra"]
[Source "ChessBase"]
[SourceDate "2023.07.31"]
[SourceVersion "1"]
[SourceVersionDate "2023.07.31"]
[SourceQuality "1"]

1. e4 e5 2. Nf3 Nc6 3. d4 exd4 4. Bc4 Nf6 5. 0-0 d6 6. Nxd4 Be7 7. Nc3 0-0 8. Re1 Re8 9. h3 h6 10. Nxc6 bxc6 11. Bf4 Rb8 12. Bb3 Be6 13. Qf3 Nd7 14. Rad1 Nc5 15. Be3 Nxb3 16. axb3 Rb7 17. e5 d5 18. Ne4 Qc8 19. Nf6+ gxf6 20. exf6 Bf8 21. Qg3+ Kh7 22. Bc5 Bg4 23. Rxe8 Qxe8 24. Qxg4 a5 25. Rd3 Rb4 26. Bxb4 axb4 27. Rg3 1-0

[Event "Pindamonhangaba op 7th"]
[Site "Pindamonhangaba"]
[Date "2023.03.26"]
[Round "5"]
[White "Nagoya, Felipe Hideyoshi F"]
[Black "Parijos de Melo, Luiz Claudio"]
[Result "0-1"]
[WhiteElo "1800"]
[BlackElo "1772"]
[PlyCount "66"]
[EventDate "2023.03.24"]
[EventType "swiss"]
[EventRounds "5"]
[EventCountry "BRA"]
[SourceTitle "CBM 213 Extra"]
[Source "ChessBase"]
[SourceDate "2023.05.31"]
[SourceVersion "1"]
[SourceVersionDate "2023.05.31"]
[SourceQuality "1"]

1. e4 c5 2. Nf3 e6 3. d4 cxd4 4. Nxd4 Nf6 5. Nc3 Nc6 6. Ndb5 Bb4 7. a3 Bxc3+ 8. Nxc3 d5 9. exd5 exd5 10. Bd3 0-0 11. 0-0 d4 12. Ne2 Bg4 13. f3 Bh5 14. Bg5 Bg6 15. Nf4 Bxd3 16. Nxd3 h6 17. Bh4 Qd6 18. Bxf6 Qxf6 19. Qd2 Rfe8 20. Rfe1 Ne7 21. Nf2 Qb6 22. c3 Rad8 23. cxd4 Rxd4 24. Qc3 Rc8 25. Qe3 Nd5 26. Qe2 Nf4 27. Qe3 Rc2 28. Rad1 Rxd1 29. Nxd1 Rxg2+ 30. Kh1 Qxe3 31. Rxe3 Rd2 32. Re1 Nd3 33. Rf1 Rxd1 0-1